000 01187nam a2200337 a 4500
001 000113798
003 CHAP
005 20220329144413.0
008 170926s2017 mx sm |||||||spa d
010 _a110259
011 _a111231
040 _cCHAP
090 _aTesis
100 1 _aChacón Hernández, Luis Fernando
_9133459
245 1 0 _aProductividad de un sistema de moto asierre con un prototipo
_h[En línea]
_cpor Luis Fernando Chacón Hernández.
260 _aChapingo, Méx. :
_bEl autor,
_c2017.
500 _aPara ver el contenido del material haga clic en la liga
502 _aTesis (Ing.Forestal ) -- UACH. Divición de Ciencias Forestales
590 _aBATCH
_b00
_c20181121
_lUCH01
_h0759
590 _aE6339RRR
_b05
_c20170926
_lUCH01
_h0912
590 _aE6339RRR
_b05
_c20170926
_lUCH01
_h0913
590 _aE6339RRR
_b05
_c20170926
_lUCH01
_h0915
650 1 4 _aAserraderos
_xControl de calidad.
_9131461
650 1 4 _aAserraderos
_xMaquinaria.
_9128505
650 1 4 _aAserraderos
_xRendimiento.
_9133460
856 _a1
_n0001543
856 _aFinding aid
_uhttp://10.13.5.2/tesis/sist113798.pdf
_zTeclea aquí
901 _aBK
942 _cTESIS
942 _n0
999 _c110259
_d110259